000
00313pab a2200121 454500
008
180718b xxu||||| |||| 00| 0 eng d
100
_a
Dasgupta Gurudas
245
_a
Abuse of power
362
_a
6 Dec 1994, p.8; 7 Dec 1994, p.8
650
_a
India -- Politics and Government
773
_a
Statesman
909
_a
27880
999
_c
27880
_d
27880